Celebrita /
Uloženo v:
| Hlavní autor: | |
|---|---|
| Další autoři: | |
| Médium: | Kniha |
| Jazyk: | Czech |
| Vydáno: |
Praha :
Metafora,
2026
|
| Vydání: | První vydání |
| Témata: | |
| Celkem bylo vypůjčeno: | 0x |
| Tagy: |
Žádné tagy |
| LEADER | 01350nam a2200385 i 4500 | ||
|---|---|---|---|
| 001 | 106196 | ||
| 003 | CZ PrNK | ||
| 005 | 20260428100810.0 | ||
| 007 | ta | ||
| 008 | 260414s2026 xr g 000 f cze | ||
| 015 | |a cnb003751030 | ||
| 020 | |a 9788076259249 |q (brožováno) : |c Kč 449,00 | ||
| 040 | |a OLA001 |b cze |d ABA001 |e rda | ||
| 041 | 1 | |a cze |h fre | |
| 072 | 7 | |a 821.133.1-3 |x Francouzská próza, francouzsky psaná |2 Konspekt |9 25 | |
| 080 | |a 821.133.1-31 |2 MRF | ||
| 080 | |a (0:82-31) |2 MRF | ||
| 100 | 1 | |a Ventura, Maud, |d 1992- |7 xx0344211 |4 aut |9 117290 | |
| 240 | 1 | 0 | |a Célèbre. |l Česky |
| 245 | 1 | 0 | |a Celebrita / |c Maud Ventura ; přeložila Jana Chartier |
| 250 | |a První vydání | ||
| 264 | 1 | |a Praha : |b Metafora, |c 2026 | |
| 300 | |a 340 stran ; |c 21 cm | ||
| 336 | |a text |b txt |2 rdacontent | ||
| 337 | |a bez média |b n |2 rdamedia | ||
| 338 | |a svazek |b nc |2 rdacarrier | ||
| 500 | |a Přeloženo z francouzštiny | ||
| 655 | 7 | |a francouzské romány |7 fd132289 |2 czenas |9 53610 | |
| 655 | 9 | |a French fiction |2 eczenas | |
| 700 | 1 | |a Chartierová, Jana |7 pag2008474944 |4 trl |9 17442 | |
| 710 | 2 | |a Metafora (nakladatelství) |7 ko20251277658 |4 pbl |9 117218 | |
| 910 | |a UOG502 | ||
| 942 | |2 ddc |c KN | ||
| 999 | |d 106196 | ||
| 993 | |0 0 |1 421180106922 |2 ddc |4 0 |7 0 |9 99539 |b 0 |c 106922 |d 2026-04-28 |e 0 |f DOSP |h 449.00 |i Koupě |l DOSP |r 2026-04-28 |t 6 |w 2026-04-28 |y KN |z BELET |n | ||